| 000 | 00732nam a22001695i 4500 | ||
|---|---|---|---|
| 001 | 165279 | ||
| 003 | ES-MaACL | ||
| 005 | 20230906213113.0 | ||
| 008 | 990617s1882 xxu |||| | fre d | ||
| 040 |
_aCCPB | B _bspa _cCCPB | B |
||
| 100 | 1 |
_aSève de Bar, Edouard. _9133086 |
|
| 245 | 1 | 4 |
_aLes beaux-arts en Belgique / _cpar Edouard Sève de Bar ; Exposition Belge de Beaux-Arts a Philadelphie ; Académie des Beaux-Arts de Pennsylvanie. |
| 260 |
_aNew-York : _b[s.n.], _c1882 ( _fImprimerie de Messager Franco-Americain) |
||
| 300 |
_a25 p. ; _c28 cm. |
||
| 711 | 2 | 1 |
_aExposition Belge des Beaux-Arts ( _cFiladelfia) _9135150 |
| 852 |
_aES-MaACL _jT-387-F-6 _z-- Enc. hol., falto de la cub. original _z-- Enc. en un vol. facticio |
||
| 999 |
_c165279 _d165279 |
||